000 00508nam a2200157 4500
001 145127
003 ES-MaACL
005 20230906201152.0
007 t|
008 070214s1970 sp r ||||1| spa d
100 1 _aSoto Nieto, Francisco.
_9107521
245 1 0 _aSeguro obligatorio de viajeros
_b: comentarios al reglamento de 6 de marzo de 1969 /
_cFrancisco Soto Nieto.
260 _aMadrid :
_bRevista de Derecho Judicial,
_c1970.
300 _a326 p. ;
_c24 cm.
852 _aES-MaACL
_jC-41794
_bR.73437
999 _c145127
_d145127